[Event "IM Marmaris Karia IV 2019"]
[Site "Marmaris"]
[Date "2019.01.31"]
[Round "10.2"]
[White "Mammadov, Zaur"]
[Black "Tanriverdi, Enes"]
[Result "1-0"]
[WhiteElo "2448"]
[BlackElo "2283"]
[Annotator "TA"]
[PlyCount "67"]
[EventDate "2019.01.27"]
[EventType "schev"]
[EventCountry "TUR"]
[SourceTitle "playchess.com"]
[Source "ChessBase"]
[SourceQuality "1"]

{[%evp 17,67,12,15,8,17,11,23,0,0,0,0,-12,-16,-16,0,0,0,0,0,0,0,0,1,-17,-15,-11,0,3,113,130,129,110,150,147,150,128,172,172,172,171,171,171,170,170,227,164,202,166,448,444,490,515]} 1. Nf3 Nf6 2. c4 (2. g3 g6 3. b3 Bg7 4. Bb2 c5 5. c4 d6 6. Bg2 e5 7. Nc3 O-O {0-1 (58) Horvath,J (2501)-Kozul,Z (2608) Trieste 2014}) 2... g6 $146 ({Predecessor:} 2... c5 3. Nc3 Nc6 4. g3 g6 5. b3 Bg7 6. Bb2 O-O 7. Bg2 e5 8. O-O {1-0 (42) Sodoma,J (2342)-Broucek,T (2170) Pardubice 2018}) 3. b3 Bg7 4. Bb2 O-O 5. g3 d6 6. Bg2 e5 7. O-O c5 8. Nc3 Nc6 9. e3 Ne8 10. a3 {A38: Symmetrical English vs ...g6: 4 Bg2 Bg7 5 Nf3 Nf6} (10. d3 f5 11. Nd2 Nf6 12. a3 Be6 13. Qe2 Qd7 14. Rab1 Rae8 15. b4 b6 16. Ba1 g5 17. Nd5 Bxd5 18. cxd5 {0-1 (58) Horvath,J (2501)-Kozul,Z (2608) Trieste 2014}) 10... a5 ({Predecessor:} 10... f5 11. Qc2 Nf6 12. Rad1 h6 13. d4 cxd4 14. exd4 e4 15. Ne1 d5 16. f3 dxc4 17. bxc4 Nxd4 {1-0 (42) Sodoma,J (2342)-Broucek,T (2170) Pardubice 2018}) 11. Qc2 Nc7 12. Nd5 {White has an edge.} Nxd5 13. cxd5 Ne7 14. d4 exd4 ({Reject} 14... Nxd5 $6 15. dxe5 dxe5 16. Nxe5 $16) 15. exd4 Nxd5 16. dxc5 Bf5 17. Qd2 Bxb2 18. Qxb2 dxc5 19. Ne5 Ne7 20. Bxb7 Rb8 21. Bg2 Qd4 22. Qe2 {Hoping for Rad1.} Rfe8 (22... Rxb3 $11 {keeps the balance.} 23. Rfd1 Qb2 24. Qxb2 Rxb2) 23. Rad1 $16 Qc3 {[#]} 24. Rfe1 $1 {Black must now prevent g4.} Qxb3 {[#]} 25. g4 $1 $36 {[%cal Rg4f5][%mdl 2048] White is in control.} Be6 26. Nd7 {[%mdl 64] Double Attack} Qb2 27. Qxb2 Rxb2 28. Nf6+ {[%mdl 64] Double Attack} Kf8 {Threatening ...Rc8.} 29. Nxe8 Kxe8 30. Re5 Rc2 (30... Ra2 $142) 31. h3 a4 32. f4 {Be4 is the strong threat.} c4 $2 (32... Rc3 33. Be4 Bd7) 33. Be4 $18 Ra2 34. f5 {Accuracy: White = 69%, Black = 29%.} 1-0

[Event "IM Marmaris Karia IV 2019"]
[Site "Marmaris"]
[Date "2019.01.31"]
[Round "10.3"]
[White "Pacher, Milan"]
[Black "Hamidi, Amir Mohammad"]
[Result "0-1"]
[WhiteElo "2442"]
[BlackElo "2221"]
[Annotator "TA"]
[PlyCount "63"]
[EventDate "2019.01.27"]
[EventType "schev"]
[EventCountry "TUR"]
[SourceTitle "playchess.com"]
[Source "ChessBase"]
[SourceQuality "1"]

{[%evp 13,63,4,18,7,49,47,49,42,42,5,23,0,35,29,27,22,22,5,0,0,0,0,11,0,30,22,52,10,32,-37,1,-14,-19,-25,-42,-35,0,-35,-6,-95,-70,-108,-51,-374,-345,-366,-374,-353,-347,-324,-325,-411]} 1. e4 e6 2. d4 d5 3. Nc3 Nf6 4. e5 Nfd7 5. f4 c5 6. Nf3 Nc6 7. Be3 Qb6 8. Na4 {C11: French: Classical System: 4 e5 and 4 Bg5 dxe4} Qc7 (8... Qa5+ 9. c3 b6 10. Bd2 c4 11. b4 Qa6 12. Be2 Be7 13. O-O f5 14. Qc2 O-O 15. Kh1 Qb7 16. Rg1 Rf7 17. g4 b5 18. gxf5 Rxf5 19. Nc5 Nxc5 20. bxc5 {0-1 (57) Karjakin,S (2773)-Duda,J (2737) chess.com INT 2018}) 9. Nxc5 Nxd4 {[%mdl 64] Remove Defender} 10. Nxd4 {White is slightly better.} Nxc5 11. Bd3 Bd7 $146 ({Predecessor:} 11... a6 12. O-O g6 13. Qe2 Be7 14. Rfc1 b5 15. Nb3 Na4 {½-½ (31) Massironi,M (2236)-Borgo,G (2357) Padova 2014}) 12. O-O a6 13. c3 Nxd3 14. Qxd3 Bc5 15. a4 O-O 16. b4 Be7 17. Nf3 Rac8 18. Bd4 a5 19. b5 Bc5 20. Rfc1 (20. Ng5 {with more complications.} Bxd4+ 21. Kh1 g6 22. Qh3 h5 23. cxd4 Qc2 24. Qa3) 20... Bxd4+ 21. Nxd4 ({White should play} 21. Qxd4 $14 Qc5 22. Nd2) 21... b6 22. h4 f6 23. Qg3 fxe5 24. fxe5 Rf7 25. Qe3 (25. c4 $5 dxc4 26. Rc3 $15) 25... Rcf8 26. g3 (26. c4 $11 {remains equal.} dxc4 27. Rc3) 26... Qc5 27. Kg2 {[#]} Qc4 (27... Rf2+ $1 $17 {[%mdl 512]} 28. Qxf2 Rxf2+ 29. Kxf2 Qc7) 28. Ne2 $2 {[%mdl 8192] [#]} (28. Rc2 $15) 28... Rf2+ $1 {[%mdl 512]} 29. Qxf2 Qe4+ ({Not} 29... Rxf2+ 30. Kxf2 Qe4 31. Nd4 $17) 30. Kg1 Rxf2 31. Kxf2 Qxe5 32. Rd1 {Accuracy: White = 22%, Black = 31%.} 0-1

[Event "IM Marmaris Karia IV 2019"]
[Site "Marmaris"]
[Date "2019.01.31"]
[Round "10.4"]
[White "Rzayev, Bahruz"]
[Black "Mammadova, Narmin"]
[Result "1/2-1/2"]
[WhiteElo "2359"]
[BlackElo "2219"]
[Annotator "RC"]
[PlyCount "31"]
[EventDate "2019.01.27"]
[EventType "schev"]
[EventCountry "TUR"]
[SourceTitle "playchess.com"]
[Source "ChessBase"]
[SourceQuality "1"]
[TimeControl "5400+30"]

1. e4 {[%emt 0:00:30]} e5 {[%emt 0:00:30]} 2. Nf3 {[%emt 0:00:00]} Nc6 {[%emt 0:00:00]} 3. Bb5 {[%emt 0:00:00]} Nf6 {[%emt 0:00:00]} 4. O-O {[%emt 0:00:00]} Nxe4 {[%emt 0:00:00]} 5. d4 {[%emt 0:00:00]} Nd6 {[%emt 0:00:00]} 6. dxe5 {[%emt 0:00:00]} Nxb5 {[%emt 0:00:00]} 7. a4 {[%emt 0:00:00]} Nbd4 {[%emt 0:00:00]} 8. Nxd4 {[%emt 0:00:00]} Nxd4 {[%emt 0:00:30]} 9. Qxd4 {[%emt 0:00:00]} d5 {[%emt 0:00:00]} 10. exd6 {[%emt 0:00:30]} Qxd6 {[%emt 0:00:00]} 11. Qe4+ {[%emt 0:00:00]} Qe6 {[%emt 0:00:00]} 12. Qd4 {[%emt 0:00:00]} Qd6 {[%emt 0:00:00]} 13. Qe4+ {[%emt 0:00:00]} Qe6 {[%emt 0:00:00]} 14. Qd4 {[%emt 0:00:00]} Qd6 {[%emt 0:00:00]} 15. Qe4+ {[%emt 0:00:00]} Qe6 {[%emt 0:00:30]} 16. Qd4 {[%emt 0:01:00]} 1/2-1/2

[Event "IM Marmaris Karia IV 2019"]
[Site "Marmaris"]
[Date "2019.01.31"]
[Round "10.5"]
[White "Darban, Morteza"]
[Black "Alaz, Ahmet Efekan"]
[Result "0-1"]
[WhiteElo "2333"]
[BlackElo "2218"]
[Annotator "NA RC"]
[PlyCount "66"]
[EventDate "2019.01.27"]
[EventType "schev"]
[EventCountry "TUR"]
[SourceTitle "playchess.com"]
[Source "ChessBase"]
[SourceQuality "1"]
[TimeControl "5400+30"]

1. d4 {[%emt 0:00:30]} d5 {[%emt 0:00:30]} 2. Nf3 {[%emt 0:00:00]} Nf6 {[%emt 0:00:00]} 3. Bg5 {[%emt 0:01:00]} Ne4 {[%emt 0:01:00]} 4. Bh4 {[%emt 0:03:30]} Qd6 {[%emt 0:01:30]} 5. c3 {[%emt 0:03:30]} Qh6 {[%emt 0:06:30]} 6. Nbd2 {[%emt 0:07:30]} g5 {[%emt 0:03:30]} 7. Bg3 {[%emt 0:01:30]} Nxg3 {[%emt 0:00:30]} 8. fxg3 {[%emt 0:00:30]} g4 {[%emt 0:01:30]} 9. Ne5 {[%emt 0:00:30]} Nc6 {[%emt 0:06:30]} 10. e4 {[%emt 0:03:30]} Nxe5 {[%emt 0:07:30]} 11. dxe5 {[%emt 0:00:30]} dxe4 {[%emt 0:00:30]} 12. Nxe4 {[%emt 0:00:30]} Bg7 {[%emt 0:02:30]} 13. Qd4 {[%emt 0:01:30]} Be6 {[%emt 0:08:30]} 14. Bb5+ {[%emt 0:02:30]} c6 {[%emt 0:00:30]} 15. Ba4 {[%emt 0:00:30]} Rd8 {[%emt 0:03:30]} 16. Qxa7 {[%emt 0:06:30]} Bf5 {[%emt 0:05:30]} 17. Rd1 {[%emt 0:00:30]} O-O {[%emt 0:01:30]} 18. Nf2 {[%emt 0:00:30]} Ra8 {[%emt 0:00:30]} 19. Qd4 {[%emt 0:00:30]} c5 {[%emt 0:00:30]} 20. Qc4 {[%emt 0:00:30]} Qe3+ {[%emt 0:01:30]} 21. Kf1 {[%emt 0:00:30]} Be6 {[%emt 0:00:30]} 22. Qb5 {[%emt 0:01:30]} Rfd8 {[%emt 0:02:30]} 23. Re1 {[%emt 0:01:30]} Qd2 {[%emt 0:02:30]} 24. Ne4 {[%emt 0:01:30]} Qd5 {[%emt 0:00:30]} 25. Bb3 {[%emt 0:01:30]} c4 {[%emt 0:01:30]} 26. Qxd5 {[%emt 0:01:30]} Bxd5 {[%emt 0:03:30]} 27. Bc2 {[%emt 0:00:30]} Rxa2 {[%emt 0:00:30]} 28. Rb1 {[%emt 0:00:30]} Bxe5 {[%emt 0:00:30]} 29. Kf2 {[%emt 0:01:30]} f5 {[%emt 0:00:30]} 30. Nd2 {[%emt 0:01:30]} Bxc3 {[%emt 0:02:30]} 31. Rhd1 {[%emt 0:00:30]} Bd4+ {[%emt 0:00:30]} 32. Kf1 {[%emt 0:00:30]} Bxb2 {[%emt 0:01:30]} 33. Ke2 {[%emt 0:00:30]} e6 {[%emt 0:00:30]} 0-1